Nekrológ za Prof. Dr. Ing. Alfredom Pifflom, CSc.

Bibliographic Details
Main Author: Kalesný, František, 1918-2007 (Author)
Format: Article
Language:Slovak
Subjects:

MARC

LEADER 00000nab a2200000 4500
001 vtls012225741
003 SK-MaSNL
005 20260303165236.0
008 230322|1976 xo |||||||||||||||||slo|
015 |a SNBRB 
035 |a (urnnbn)urn:nbn:sk:snk:ar-00735n 
035 |a (uuid)cf502d69-984b-4645-8b6b-c0f142e8fedc 
040 |a SNKBUCL  |b slo  |c SNKBUCL  |e AACR2 
041 0 |a slo 
044 |a xo  |c SK 
100 1 |a Kalesný, František,  |d 1918-2007  |4 aut  |9 38489 
245 1 0 |a Nekrológ za Prof. Dr. Ing. Alfredom Pifflom, CSc.  |c František Kalesný 
600 1 7 |a Piffl, Alfred,  |d 1907-1972  |2 SNKMA  |9 106657 
655 7 |a nekrológy  |2 SNKPH  |9 402542 
773 0 |t Bratislava : spisy Mestského múzea v Bratislave  |g Roč. 8-9/1972-1973, č. 8-9 (1976), s. 319-[321] 
954 |a odborná, vedecká literatúra pôvodná (slovenská)  |2 lita 
958 |a OND 
958 |a article_dop6 
999 |c 2070613  |d 2072543